000 00687nam a2200265Ia 4500
005 20260121171302.0
008 008 260114s9999 xx 000 0 eng d
020 _a9783658254193
037 _aEBOOK
040 _aCRL
040 _beng
040 _cCRL
041 _2eng
041 _aeng
084 _qCRL
100 _aStefanie Wöhl, Elisabeth Springler, Martin Pachel, Bernhard Zeilinger
_91074333
245 4 _aThe State of the European Union
260 _bSpringer
260 _bSpringer
260 _c2020
856 _uhttps://link.springer.com/openurl?genre=book&isbn=978-3-658-25419-3
942 _cEBOOK
999 _c1640063
_d1640063